<?xml version="1.0" encoding="UTF-8"?>
<collection xmlns="http://www.loc.gov/MARC21/slim">
 <record>
  <leader>04212nam a2200361 a 4500</leader>
  <controlfield tag="001">kal1576</controlfield>
  <controlfield tag="003">Gr-AtHEAL</controlfield>
  <controlfield tag="005">20160427151947.0</controlfield>
  <controlfield tag="006">m        d        </controlfield>
  <controlfield tag="008">160413s2015    gr      s           gre|c</controlfield>
  <datafield tag="020" ind1=" " ind2=" ">
   <subfield code="a">9789606033087</subfield>
  </datafield>
  <datafield tag="040" ind1=" " ind2=" ">
   <subfield code="a">GR-AtHEAL</subfield>
   <subfield code="b">gre</subfield>
   <subfield code="c">GR-AtHEAL</subfield>
  </datafield>
  <datafield tag="082" ind1="0" ind2="4">
   <subfield code="a">808</subfield>
   <subfield code="2">23</subfield>
  </datafield>
  <datafield tag="100" ind1="1" ind2=" ">
   <subfield code="a">Χριστόπουλος, Μενέλαος.</subfield>
   <subfield code="8">453</subfield>
  </datafield>
  <datafield tag="245" ind1="1" ind2="0">
   <subfield code="a">Ανθολογία κειμένων από τη γραμματεία των ελληνιστικών και αυτοκρατορικών χρόνων</subfield>
   <subfield code="h">[Ηλεκτρονικός πόρος] </subfield>
   <subfield code="c">Χριστόπουλος, Μενέλαος ; Βερτουδάκης, Βασίλειος ; Μπάζου, Αθηνά ; Κριτικός αναγνώστης,Χατζηλάμπρου, Ροζαλία ; Γραφιστική επιμέλεια,Θεοδωράκη, Αλεξάνδρα ; Γλωσσική επιμέλεια,Αποστολή, Περσία.</subfield>
  </datafield>
  <datafield tag="260" ind1=" " ind2=" ">
   <subfield code="a">Αθήνα :</subfield>
   <subfield code="b">Σύνδεσμος Ελληνικών Ακαδημαϊκών Βιβλιοθηκών,</subfield>
   <subfield code="c">c2015.</subfield>
  </datafield>
  <datafield tag="490" ind1=" " ind2=" ">
   <subfield code="a">Ακαδημαϊκά Ηλεκτρονικά Συγγράμματα και Βοηθήματα Κάλλιπος</subfield>
   <subfield code="8">40</subfield>
  </datafield>
  <datafield tag="505" ind1="0" ind2=" ">
   <subfield code="a">Χαρακτηριστικά της ελληνιστικής περιόδου, Ονοματοδοσία της περιόδου, Συνοπτικό χρονολόγιο της ελληνιστικής περιόδου, Αλέξάνδρεια: κοινωνικό και πολιτισμικό πλαίσιο, εισαγωγή στη γραμματεία της ελληνιστικής περιόδου, Καλλίμαχος, Θεόκριτος, Απολλώνιος, Επιγραμματοποιοί, Πολύβιος, Επιστημονική Γραμματεία της ελληνιστικής περιόδου, Θεόφραστος, Ευκλείδης, Αρίσταρχος, Ορισμός της αυτοκρατορικής περιόδου, Συνοπτικό χρονολόγιο της αυτοκρατορικής περιόδου, Δεύτερη Σοφιστική, Τάσεις, ρεύματα, γραμματειακά είδη της αυτοκρατορικής περιόδου, Ποίηση, Ιστοριογραφία, Ποικιλογραφία, Μυθιστόρημα, Παιδεία, Φιλοσοφία και Ρητορική, Λουκιανός, Διογένης Λαέρτιος, Δίων Προυσαεύς (Χρυσόστομος), Πλούταρχος, Φλάβιος Φιλόστρατος, Αίλιος Αριστείδης, Επιστημονική γραμματεία της αυτοκρατορικής περιόδου, Στράβων, Κλαύδιος Πτολεμαίος, Γαληνός.</subfield>
  </datafield>
  <datafield tag="520" ind1=" " ind2=" ">
   <subfield code="a">To προτεινόμενο ηλεκτρονικό βιβλίο αποτελεί Ανθολογία σχολιασμένων αντιπροσωπευτικών κειμένων της αρχαίας ελληνικής γραμματείας της ελληνιστικής και αυτοκρατορικής εποχής (323 π.Χ. -330 μ.Χ.).</subfield>
  </datafield>
  <datafield tag="650" ind1=" " ind2="0">
   <subfield code="a">Greek literature, Hellenistic</subfield>
   <subfield code="8">2707</subfield>
  </datafield>
  <datafield tag="653" ind1=" " ind2=" ">
   <subfield code="a">Αρχαία ελληνική γραμματεία</subfield>
  </datafield>
  <datafield tag="653" ind1=" " ind2=" ">
   <subfield code="a">Ανθολόγια κειμένων</subfield>
  </datafield>
  <datafield tag="653" ind1=" " ind2=" ">
   <subfield code="a">Αυτοκρατορική περίοδος</subfield>
  </datafield>
  <datafield tag="653" ind1=" " ind2=" ">
   <subfield code="a">Ελληνιστική περίοδος</subfield>
  </datafield>
  <datafield tag="653" ind1=" " ind2=" ">
   <subfield code="a">Τέχνες και γράμματα</subfield>
   <subfield code="a">Φιλολογία</subfield>
   <subfield code="a">Κλασική Φιλολογία</subfield>
   <subfield code="a">Αρχαία ελληνική φιλολογία</subfield>
  </datafield>
  <datafield tag="700" ind1="1" ind2=" ">
   <subfield code="a">Μπάζου, Αθηνά</subfield>
   <subfield code="e">Συγγραφέας</subfield>
   <subfield code="8">531</subfield>
  </datafield>
  <datafield tag="700" ind1="1" ind2=" ">
   <subfield code="a">Βερτουδάκης, Βασίλειος</subfield>
   <subfield code="e">Συγγραφέας</subfield>
   <subfield code="8">532</subfield>
  </datafield>
  <datafield tag="700" ind1="1" ind2=" ">
   <subfield code="a">Χατζηλάμπρου, Ροζαλία</subfield>
   <subfield code="e">Κριτικός αναγνώστης</subfield>
   <subfield code="8">533</subfield>
  </datafield>
  <datafield tag="856" ind1="4" ind2="0">
   <subfield code="u">http://hdl.handle.net/11419/1576</subfield>
   <subfield code="z">Πλήρες Κείμενο - Full text</subfield>
  </datafield>
  <datafield tag="907" ind1=" " ind2=" ">
   <subfield code="a">.b25677147</subfield>
   <subfield code="b">13-06-18</subfield>
   <subfield code="c">29-07-16</subfield>
  </datafield>
  <datafield tag="949" ind1=" " ind2=" ">
   <subfield code="0">0</subfield>
   <subfield code="1">0</subfield>
   <subfield code="2">ddc</subfield>
   <subfield code="4">0</subfield>
   <subfield code="6">808_000000000000000_ΧΡΙ</subfield>
   <subfield code="7">0</subfield>
   <subfield code="8">KALL</subfield>
   <subfield code="8">472</subfield>
   <subfield code="d">2016-04-13</subfield>
   <subfield code="r">2016-04-13</subfield>
   <subfield code="w">2016-04-13</subfield>
   <subfield code="z">808 ΧΡΙ</subfield>
   <subfield code="o">SEAB KALLIPOS</subfield>
  </datafield>
  <datafield tag="998" ind1=" " ind2=" ">
   <subfield code="a">80</subfield>
   <subfield code="a">01</subfield>
   <subfield code="a">02</subfield>
   <subfield code="a">03</subfield>
   <subfield code="a">04</subfield>
   <subfield code="a">05</subfield>
   <subfield code="a">06</subfield>
   <subfield code="a">07</subfield>
   <subfield code="a">08</subfield>
   <subfield code="a">09</subfield>
   <subfield code="a">10</subfield>
   <subfield code="a">11</subfield>
   <subfield code="a">12</subfield>
   <subfield code="a">13</subfield>
   <subfield code="a">14</subfield>
   <subfield code="a">15</subfield>
   <subfield code="a">16</subfield>
   <subfield code="a">17</subfield>
   <subfield code="a">18</subfield>
   <subfield code="a">19</subfield>
   <subfield code="a">20</subfield>
   <subfield code="a">21</subfield>
   <subfield code="a">22</subfield>
   <subfield code="a">23</subfield>
   <subfield code="a">24</subfield>
   <subfield code="a">25</subfield>
   <subfield code="a">26</subfield>
   <subfield code="b">15-07-04</subfield>
   <subfield code="c">m</subfield>
   <subfield code="d">z  </subfield>
   <subfield code="e">-</subfield>
   <subfield code="f">gre</subfield>
   <subfield code="g">gr </subfield>
   <subfield code="h">0</subfield>
  </datafield>
  <datafield tag="942" ind1=" " ind2=" ">
   <subfield code="2">ddc</subfield>
   <subfield code="c">KALLIPOS</subfield>
  </datafield>
 </record>
</collection>
